Bài tập nguyên lý kế toán & kế toán tài chính

Gardado en:
Detalles Bibliográficos
Autor Principal:  Võ Văn Nhị
Formato: Sách
Idioma:Undetermined
Publicado:  Tài chính  2007
Những chủ đề:
Các nhãn: Engadir etiqueta
Sen Etiquetas, Sexa o primeiro en etiquetar este rexistro!
Thư viện lưu trữ: Trung tâm Thư viện - Trường Đại học Công nghiệp TP. Hồ Chí Minh
LEADER 00540nam a2200157Ia 4500
001 UIH_06596
008 231011s9999 xx 000 0 und d
082 |a  657.04 
100 |a  Võ Văn Nhị 
245 0 |a  Bài tập nguyên lý kế toán & kế toán tài chính 
245 0 |c  Võ Văn Nhị 
260 |b  Tài chính 
260 |c  2007 
650 |a  Kế toán; Kế toán tài chính;  
927 |a Sách 
980 |a Trung tâm Thư viện - Trường Đại học Công nghiệp TP. Hồ Chí Minh